Proceedings of the seminar-workshop on breeding and seed production of cultured finfishes in the Philippines : Tigbauan, LLoilo, Philippines, 4-5 May 1993
The seminar-workshop on breeding and seed production of cultured finfishes in the Philippines : to promote the exchange of information and views among scientists and technicians on breeding and seed production of various finfishes.
Đã lưu trong:
| Định dạng: | Sách |
|---|---|
| Ngôn ngữ: | Undetermined |
| Được phát hành: |
Philippines
Aquaculture Department Southeast Asian Fisheries Development Center
1996
|
| Những chủ đề: | |
| Các nhãn: |
Thêm thẻ
Không có thẻ, Là người đầu tiên thẻ bản ghi này!
|
| Thư viện lưu trữ: | Trung tâm Học liệu Trường Đại học Cần Thơ |
|---|
| LEADER | 00964nam a2200193Ia 4500 | ||
|---|---|---|---|
| 001 | CTU_160152 | ||
| 008 | 210402s9999 xx 000 0 und d | ||
| 082 | |a 639.3 | ||
| 082 | |b P963 | ||
| 245 | 0 | |a Proceedings of the seminar-workshop on breeding and seed production of cultured finfishes in the Philippines : | |
| 245 | 0 | |b Tigbauan, LLoilo, Philippines, 4-5 May 1993 | |
| 245 | 0 | |c Edited by Clarissa L. Marte, Gerald F. Quinitio, Arnil C. Emata | |
| 260 | |a Philippines | ||
| 260 | |b Aquaculture Department Southeast Asian Fisheries Development Center | ||
| 260 | |c 1996 | ||
| 520 | |a The seminar-workshop on breeding and seed production of cultured finfishes in the Philippines : to promote the exchange of information and views among scientists and technicians on breeding and seed production of various finfishes. | ||
| 650 | |a Nuôi trồng thủy sản,Aquaculture,Fishery | ||
| 904 | |i Năm | ||
| 980 | |a Trung tâm Học liệu Trường Đại học Cần Thơ | ||